[Event "Hillerod Skjold Burne op"]
[Site "Hillerod"]
[Date "2017.10.16"]
[Round "1"]
[White "Cort Maleeva Hansen, Daniel Alexander"]
[Black "Hein, Jacob"]
[Result "0-1"]
[WhiteElo "1131"]
[BlackElo "1460"]
[PlyCount "98"]
[EventDate "2017.10.03"]
[EventType "swiss"]
[EventRounds "4"]
[EventCountry "DEN"]
[SourceTitle "EXT 2024"]
[Source "ChessBase"]
[SourceDate "2023.10.10"]
[SourceVersion "1"]
[SourceVersionDate "2023.10.10"]
[SourceQuality "1"]

1. e4 d5 2. Nc3 d4 3. Nce2 e5 4. Nf3 Bd6 5. Ng3 g6 6. Be2 f6 7. 0-0 h5 8. Re1 c6 9. Bc4 Nh6 10. d3 Bg4 11. h3 h4 12. Nf1 Bh5 13. N1h2 Qd7 14. c3 b5 15. Bb3 Na6 16. Qc2 Nc5 17. cxd4 Nxb3 18. axb3 exd4 19. Nxd4 Bxh2+ 20. Kxh2 0-0 21. Bxh6 Qxd4 22. Bxf8 Rxf8 23. g4 hxg3+ 24. fxg3 Rf7 25. g4 Bxg4 26. hxg4 Rh7+ 27. Kg2 Qd7 28. Kg3 Qd6+ 29. Kf3 Rh3+ 30. Ke2 Rh2+ 31. Kd1 Rxc2 32. Kxc2 b4 33. Rxa7 Qc5+ 34. Kd2 Qf2+ 35. Kd1 Qxa7 36. Rf1 Qa1+ 37. Ke2 Qxb2+ 38. Ke3 c5 39. Rg1 Qd4+ 40. Kd2 Qxg1 41. Ke2 Qxg4+ 42. Ke3 Qe6 43. d4 Qxb3+ 44. Kd2 Qc3+ 45. Ke2 b3 46. Kf2 cxd4 47. Ke2 b2 48. Kd1 b1Q+ 49. Ke2 Qbe1# 0-1

[Event "Helsingor Xtracon op"]
[Site "Helsingor"]
[Date "2017.07.26"]
[Round "6"]
[White "Johansen, Paul Ivar"]
[Black "Cort Maleeva Hansen, Daniel Alexander"]
[Result "1/2-1/2"]
[WhiteElo "1301"]
[BlackElo "1166"]
[PlyCount "48"]
[EventDate "2017.07.22"]
[EventType "swiss"]
[EventRounds "10"]
[EventCountry "DEN"]
[SourceTitle "CBM 179 Extra"]
[Source "ChessBase"]
[SourceDate "2017.08.23"]
[SourceVersion "1"]
[SourceVersionDate "2017.08.23"]
[SourceQuality "1"]

1. Nf3 Nf6 2. c4 Nc6 3. d4 a6 4. h3 g6 5. Bf4 Bg7 6. e3 0-0 7. Be2 e6 8. d5 exd5 9. cxd5 Ne7 10. Nc3 d6 11. e4 b6 12. 0-0 Bb7 13. Qb3 c5 14. Rfd1 Re8 15. a4 Nc8 16. Rdb1 Nxe4 17. Nxe4 Rxe4 18. Be3 Na7 19. Qc2 Bxd5 20. Nd2 Re7 21. Bxa6 Bb7 22. Be2 Qc7 23. Bf3 Bxf3 24. Nxf3 Rae8 1/2-1/2